Better Call Saul Trivia #M - Statistics

General Stats
  • This quiz has been taken 478 times
  • The average score is 7 of 15
Answer Stats
Hint Answer % Correct
Jimmys surname McGill
93%
Private investigator, head of security, cleaner, fixer, and hitman Mike
91%
Mike wakes up up in a village in __ after getting stabbed Mexico
74%
When entering Chucks house one must leave all electric devices in the __ Mailbox
71%
German company, of which Los Pollos Hermanos is part of Madrigal
50%
Bank company Mesa Verde
47%
His son Matty
41%
Nachos actor Michael Mando
40%
Best friend of Slippin Jimmy, dies of a heart attack Marco
36%
Chucks actor Michael McKean
32%
Sexond episode of the series Mijo
24%
Elderly resident of Omaha, who exposes Gene as Saul Marion
19%
Nachos fathrers name Manuel
14%
Wife of Werner Ziegler Margarethe
14%
Book Chuck used to read to Jimmy Mabel
8%
No matching quizzes found
Score Distribution
Percent of People with Each Score
Percentile by Number Answered
Your Score History
You have not taken this quiz